000 00875cam a2200157K 4500
082 0 4 _a954.031
_bSIE
_cD
100 1 _aSieveking, Isabel Giberne.
_950388
245 1 2 _aA turning point in the Indian mutiny
_cby I. Giberne Sieveking ...
260 _aLondon,
_bD. Nutt,
_c1910.
300 _a1 online resource (3 p. l., [v]-vii p., 2 l., 226 p.)
_bplates, ports.
_c22 cm.
505 0 _aA turning point in the Indian mutiny.--The siege of Arrah.--The relief that failed.--The relief that succeeded.--Herwald Wake: the man who held the fort at Arrah.--Koer Singh is hunted to his jungle stronghold.--The magistrate of Ghazipur; and how he helped forward the relief of Arrah.--Letters from John Nicholson and others.
526 _a0
_b0
_c0
_d954_031000000000000_SIE
650 _aMCE
_9379
856 4 0 _uhttp://catalog.hathitrust.org/api/volumes/oclc/13203015.html
942 _2ddc
_cBK
999 _c553120
_d553120